Normal view
MARC view
- Madiha Fatima, Syeda
Entry Personal Name
001 - CONTROL NUMBER
- control field: 17254
003 - CONTROL NUMBER IDENTIFIER
- control field: NUST
005 - DATE AND TIME OF LATEST TRANSACTION
- control field: 20190710064101.0
008 - FIXED-LENGTH DATA ELEMENTS
- fixed length control field: 190710|| aca||aabn | a|a d
040 ## - CATALOGING SOURCE
- Original cataloging agency: NUST
- Transcribing agency: NUST
100 ## - HEADING--PERSONAL NAME
- Personal name: Madiha Fatima, Syeda
670 ## - SOURCE DATA FOUND
- Source citation: Work cat.: (NUST)526281: Madiha Fatima, Syeda, Some Methods of Solution for Nonlinear Differential Equations /, 2013.
